[Event "Int. Stuttgarter Stadtmeisterschaft B"]
[Site "Ditzingen"]
[Date "2016.05.07"]
[Round "5.16"]
[White "Santiago, Nicolas"]
[Black "Kusch, Jacek"]
[Result "1-0"]
[WhiteElo "1785"]
[BlackElo "1720"]
[PlyCount "93"]
[EventDate "2016.??.??"]
[WhiteTeam "SC Kreut"]
[BlackTeam "SV Urach"]

1. d4 Nf6 2. c4 e6 3. Nc3 Bb4 4. e3 b6 5. Nge2 c5 6. a3 Ba5 7. Rb1 Na6 8. Qa4
Bb7 9. b4 Bc6 10. b5 Be4 11. Rb2 cxd4 12. exd4 Nc7 13. Bd2 Bb7 14. Qb3 O-O 15.
Nf4 d6 16. Nd3 Re8 17. Bg5 h6 18. Bh4 g5 19. Bg3 Ne4 20. Nb4 Nxc3 21. Qxc3 d5
22. h4 e5 23. dxe5 Rc8 24. hxg5 Qxg5 25. Qd2 dxc4 26. Bf4 c3 27. Bxg5 cxd2+ 28.
Bxd2 Rxe5+ 29. Kd1 Rd8 30. Rxh6 Bxb4 31. Rxb4 Kg7 32. Rh3 Kf6 33. Kc1 Rc8 34.
Kb2 Nd5 35. Rc4 Rd8 36. Rf3+ Ke6 37. Rd3 Rg8 38. g3 Nf6 39. Bh3+ Ke7 40. Rc7+
Kf8 41. Rxb7 Rxb5+ 42. Ka2 Rh8 43. Rd8+ Kg7 44. Rxh8 Kxh8 45. Bc3 Kg7 46. Be6
Rc5 47. Rxf7+ 1-0

[Event "Int. Stuttgarter Stadtmeisterschaft B"]
[Site "Ditzingen"]
[Date "2016.05.07"]
[Round "5.17"]
[White "Rieder, Josef"]
[Black "Kußmann, Alexander"]
[Result "0-1"]
[WhiteElo "1771"]
[BlackElo "1681"]
[PlyCount "122"]
[EventDate "2016.??.??"]
[WhiteTeam "Stuttgarter SF"]
[BlackTeam "SC Aidlingen"]

1. e4 c5 2. Nf3 e6 3. d4 cxd4 4. Nxd4 Bc5 5. Nb3 Bb6 6. Bd3 Ne7 7. O-O O-O 8.
Kh1 Nbc6 9. f4 f5 10. Nc3 Qe8 11. a4 a6 12. a5 Ba7 13. Qe2 Nb4 14. Be3 Bxe3 15.
Qxe3 Nxd3 16. cxd3 d6 17. Na4 Bd7 18. Nb6 Rd8 19. Nd4 Qg6 20. Rf3 fxe4 21. dxe4
Bc6 22. Re1 e5 23. Nxc6 Nxc6 24. f5 Qe8 25. b4 Nd4 26. Rf2 Rf7 27. Nd5 Rc8 28.
Ref1 Nc6 29. h3 Ne7 30. Nb6 Rc7 31. Qb3 Nc6 32. Nd5 Rcd7 33. g4 Kh8 34. g5 Ne7
35. Nb6 Rd8 36. f6 Ng6 37. fxg7+ Rxg7 38. Rf7 Nf4 39. Rxg7 Kxg7 40. Qf3 Qe6 41.
h4 Rf8 42. Nd5 Ng6 43. Nf6 Nf4 44. Rc1 Qh3+ 45. Qxh3 Nxh3 46. Rc7+ Kg6 47. Nxh7
Rf4 48. Kh2 Rxh4 49. Nf8+ Kxg5 50. Rxb7 Nf4+ 51. Kg3 Rh3+ 52. Kf2 Nd3+ 53. Kg2
Rh4 54. Ne6+ Kf6 55. Nc7 Rxe4 56. Nd5+ Kf5 57. Rb6 Rd4 58. Ne7+ Kg4 59. Nc6 Rc4
60. Rb8 Rc2+ 61. Kg1 Rxc6 0-1

[Event "Int. Stuttgarter Stadtmeisterschaft B"]
[Site "Ditzingen"]
[Date "2016.05.07"]
[Round "5.18"]
[White "Strauss, Martin"]
[Black "Bauer, Frank"]
[Result "1-0"]
[WhiteElo "1759"]
[BlackElo "1490"]
[PlyCount "147"]
[EventDate "2016.??.??"]
[WhiteTeam "SC Sillenbuch"]
[BlackTeam "SC Feuerbach"]

1. e4 d6 2. d4 Nf6 3. Nc3 g6 4. Nf3 Bg7 5. Bc4 O-O 6. O-O Nxe4 7. Nxe4 d5 8.
Bd3 dxe4 9. Bxe4 Nd7 10. c3 Nf6 11. Bc2 Be6 12. Re1 Bd5 13. Bg5 h6 14. Bf4 Kh7
15. Be5 Ng8 16. Qd3 Bxe5 17. Nxe5 Qe8 18. f4 f5 19. Qh3 Rf6 20. Nf3 Kg7 21. Re5
e6 22. b3 Qf7 23. Rae1 Rd8 24. R1e3 Bxf3 25. Qxf3 c6 26. Qe2 Rd6 27. b4 Ne7 28.
Bb3 Nd5 29. Bxd5 cxd5 30. b5 a5 31. h4 h5 32. g3 b6 33. a4 Qd7 34. Qe1 Kf7 35.
Qa1 Qc7 36. Qa3 Ke7 37. Rxd5 Kd7 38. Rxd6+ Qxd6 39. Qxd6+ Kxd6 40. c4 Rf7 41.
c5+ bxc5 42. dxc5+ Kxc5 43. Rxe6 Kb4 44. Rxg6 Kxa4 45. b6 Kb3 46. Rd6 a4 47.
Rd5 a3 48. Rb5+ Kc2 49. b7 a2 50. Ra5 a1=Q+ 51. Rxa1 Rxb7 52. Ra5 Rf7 53. Rd5
Kc3 54. Kf2 Kc4 55. Rd6 Rb7 56. Rf6 Rb2+ 57. Kf3 Rb3+ 58. Kg2 Rb2+ 59. Kh3 Kd4
60. Rxf5 Ke4 61. Re5+ Kf3 62. Re1 Kf2 63. Rc1 Rb3 64. Rc2+ Kf3 65. f5 Rb1 66.
Kh2 Rb6 67. Rc4 Rb2+ 68. Kh3 Rb1 69. Rf4+ Ke3 70. f6 Rb8 71. f7 Rf8 72. Kg2 Ke2
73. g4 hxg4 74. Kg3 1-0

[Event "Int. Stuttgarter Stadtmeisterschaft B"]
[Site "Ditzingen"]
[Date "2016.05.07"]
[Round "5.19"]
[White "Vuckovic, Nebojsa"]
[Black "Sax, Leon"]
[Result "1/2-1/2"]
[WhiteElo "1626"]
[BlackElo "1727"]
[PlyCount "23"]
[EventDate "2016.??.??"]
[WhiteTeam "SV Reutlingen"]
[BlackTeam "SK Sachsenheim"]

1. c3 e6 2. Nf3 c5 3. d3 d5 4. Qc2 Nf6 5. e4 Be7 6. Be2 Nc6 7. h3 a6 8. a4 b6
9. Bf4 Bb7 10. O-O O-O 11. Nbd2 Nd7 12. e5 1/2-1/2

[Event "Int. Stuttgarter Stadtmeisterschaft B"]
[Site "Ditzingen"]
[Date "2016.05.07"]
[Round "5.20"]
[White "Rudhart, Michael"]
[Black "Hrsak, Marco"]
[Result "1-0"]
[WhiteElo "1890"]
[BlackElo "1571"]
[PlyCount "91"]
[EventDate "2016.??.??"]
[WhiteTeam "DJK Stuttgart-Süd"]
[BlackTeam "SC Kirchheim/Teck"]

1. d4 Nf6 2. c4 g6 3. Nc3 Bg7 4. e4 d6 5. Be3 Nbd7 6. f3 c6 7. Qd2 b6 8. g4 c5
9. h4 Bb7 10. d5 Ne5 11. b3 e6 12. dxe6 fxe6 13. O-O-O Nc6 14. Nb5 d5 15. cxd5
exd5 16. exd5 Nb4 17. d6 Nfd5 18. Bg5 Bf6 19. a3 a5 20. Re1+ Kf7 21. Bc4 a4 22.
axb4 axb3 23. Bxb3 Ra1+ 24. Kc2 Bxg5 25. hxg5 Rxe1 26. Qxe1 Qxg5 27. Nh3 Qf6
28. Qe4 c4 29. Bxc4 Rc8 30. Kb3 Rxc4 31. Kxc4 Qb2 32. Ng5+ Kf8 33. Nxh7+ Kg7
34. Qd4+ Qxd4+ 35. Kxd4 Nxb4 36. Ng5 Nc6+ 37. Ke3 Ne5 38. Rh7+ Kf6 39. Rxb7
Kxg5 40. f4+ Kxg4 41. fxe5 Kg3 42. d7 g5 43. d8=Q g4 44. Rh7 Kg2 45. Qd2+ Kg3
46. Qf2# 1-0

[Event "Int. Stuttgarter Stadtmeisterschaft B"]
[Site "Ditzingen"]
[Date "2016.05.07"]
[Round "5.21"]
[White "Jünk, Stefan"]
[Black "Ellinger, Harald"]
[Result "0-1"]
[WhiteElo "1673"]
[BlackElo "1854"]
[PlyCount "64"]
[EventDate "2016.??.??"]
[WhiteTeam "SC Leinzell"]
[BlackTeam "SK Gerlingen"]

1. e4 c5 2. Nf3 d6 3. d4 cxd4 4. Nxd4 Nf6 5. Nc3 a6 6. Be3 g6 7. f3 Bg7 8. Qd2
h5 9. h4 Nc6 10. O-O-O Nxd4 11. Bxd4 Be6 12. Qe3 Bh6 13. f4 b5 14. Kb1 Qb8 15.
Be2 O-O 16. Bf3 Ng4 17. Bxg4 Bxg4 18. Nd5 Qb7 19. Rd3 Be6 20. Rf1 f5 21. Rc3
Bxd5 22. exd5 Qd7 23. Re1 Rf7 24. Qg3 Kh7 25. Re6 Rg8 26. Rc6 Qb7 27. c3 b4 28.
Rb6 Qxd5 29. Re2 bxc3 30. Qxc3 Bxf4 31. Rxa6 e5 32. Ra5 Qxd4 0-1

[Event "Int. Stuttgarter Stadtmeisterschaft B"]
[Site "Ditzingen"]
[Date "2016.05.07"]
[Round "5.22"]
[White "Gorb, Eugeniusz"]
[Black "Rühl, Volker"]
[Result "1-0"]
[WhiteElo "1691"]
[BlackElo "1830"]
[PlyCount "69"]
[EventDate "2016.??.??"]
[WhiteTeam "SK Sachsenheim"]
[BlackTeam "VfL Sindelfingen"]

1. e4 c5 2. Nf3 e6 3. b3 d5 4. exd5 exd5 5. d4 Nf6 6. Bb2 Bg4 7. Be2 Nc6 8.
dxc5 Bxc5 9. O-O O-O 10. h3 Be6 11. Nbd2 Ne4 12. Bd3 f5 13. Ne5 Qh4 14. Qe1
Rae8 15. Ndf3 Qd8 16. Nxc6 bxc6 17. Bd4 Qb6 18. c3 Bc8 19. Qc1 Bxd4 20. cxd4
Ba6 21. Qc2 Bxd3 22. Qxd3 Re7 23. Rfc1 g6 24. Ne5 Rc8 25. Rc2 c5 26. Rac1 Rxe5
27. dxe5 d4 28. f3 Nc3 29. Qc4+ Kf8 30. Rd2 Nb5 31. a4 Na3 32. Qd5 c4 33. Qxd4
c3 34. Qxb6 axb6 35. Ra2 1-0

[Event "Int. Stuttgarter Stadtmeisterschaft B"]
[Site "Ditzingen"]
[Date "2016.05.07"]
[Round "5.23"]
[White "Behm, Wilfried"]
[Black "Kelemen, Norbert"]
[Result "0-1"]
[WhiteElo "1828"]
[BlackElo "1700"]
[PlyCount "62"]
[EventDate "2016.??.??"]
[WhiteTeam "SV Stuttgart-Wolfbusch"]
[BlackTeam "SC Weiße Dame Ulm"]

1. d4 d5 2. c4 c6 3. Nc3 Nf6 4. e3 e6 5. Nf3 Be7 6. Bd2 O-O 7. Rc1 Nbd7 8. Bd3
dxc4 9. Bxc4 Nb6 10. Bb3 c5 11. O-O cxd4 12. Nxd4 a6 13. Qf3 Nbd7 14. Rfd1 Ne5
15. Qe2 Bd7 16. Bc2 Rc8 17. Bb3 Bd6 18. Be1 Qe7 19. h3 Rc7 20. f4 Nc6 21. Nf3
Rfc8 22. Bh4 Qf8 23. a3 Na5 24. Ba2 Ne4 25. Qd3 Nxc3 26. bxc3 Bxa3 27. Rc2 Ba4
28. Bb1 Bxc2 29. Bxc2 g6 30. Bf6 Nc6 31. Nd4 Be7 0-1

[Event "Int. Stuttgarter Stadtmeisterschaft B"]
[Site "Ditzingen"]
[Date "2016.05.07"]
[Round "5.24"]
[White "Häfele, Torsten"]
[Black "Mayer, Dietmar"]
[Result "0-1"]
[WhiteElo "1825"]
[BlackElo "1662"]
[PlyCount "77"]
[EventDate "2016.??.??"]
[WhiteTeam "SF Illingen"]
[BlackTeam "SC Böblingen"]

1. e4 d5 2. e5 c5 3. c3 Nc6 4. d4 Bf5 5. Nf3 e6 6. dxc5 Bxc5 7. b4 Bb6 8. Bb5
Nge7 9. O-O a6 10. Ba4 O-O 11. Bf4 Bc7 12. Bg3 Rc8 13. Re1 Bb8 14. Bc2 Bxc2 15.
Qxc2 Nxb4 16. Qb3 Nd3 17. Qxb7 Nxe1 18. Nxe1 Rc6 19. Bh4 Qc7 20. Qxc7 Rxc7 21.
f4 Ng6 22. Bg3 Ba7+ 23. Kf1 d4 24. Bf2 dxc3 25. Bxa7 Rxa7 26. g3 Rc7 27. Nc2
Rd8 28. Ke2 Ne7 29. a4 Rcd7 30. Ra2 Rd1 31. Nca3 Rh1 32. Kf3 Rd3+ 33. Kg2 Rhd1
34. Rc2 Nd5 35. Kh3 Nxf4+ 36. Kg4 Nd5 37. Kh3 Kf8 38. Rf2 Re1 39. Rc2 0-1

[Event "Int. Stuttgarter Stadtmeisterschaft B"]
[Site "Ditzingen"]
[Date "2016.05.07"]
[Round "5.25"]
[White "Schneider, Waldemar"]
[Black "Herbst, Rudolf"]
[Result "1/2-1/2"]
[WhiteElo "1818"]
[BlackElo "1648"]
[PlyCount "56"]
[EventDate "2016.??.??"]
[WhiteTeam "SC Pforzheim"]
[BlackTeam "SG Fasanenhof"]

1. d4 d5 2. c4 c6 3. e3 Nf6 4. Nc3 e6 5. Nf3 Nbd7 6. Bd2 Be7 7. b3 dxc4 8. Bxc4
Nb6 9. Bd3 c5 10. Qc2 cxd4 11. exd4 Nbd5 12. O-O Nxc3 13. Bxc3 b6 14. Rfe1 Bd7
15. d5 Rc8 16. dxe6 Bxe6 17. Bb5+ Bd7 18. Rad1 O-O 19. Bxf6 Rxc2 20. Bxe7 Qxe7
21. Rxe7 Bxb5 22. Rxa7 Be2 23. Re1 Bxf3 24. gxf3 Rc6 25. Ree7 Rg6+ 26. Kf1 Rh6
27. Rab7 Rf6 28. a4 h6 1/2-1/2

[Event "Int. Stuttgarter Stadtmeisterschaft B"]
[Site "Ditzingen"]
[Date "2016.05.07"]
[Round "5.26"]
[White "Grünert, Thomas"]
[Black "Krivoborodov, Vasily"]
[Result "1-0"]
[WhiteElo "1807"]
[BlackElo "1629"]
[PlyCount "95"]
[EventDate "2016.??.??"]
[WhiteTeam "SF Illingen"]

1. d4 d5 2. Nf3 Nf6 3. e3 e6 4. Bd3 Be7 5. Nbd2 O-O 6. b3 Nbd7 7. Bb2 c5 8. c4
cxd4 9. exd4 b6 10. Qe2 Bb7 11. O-O Rc8 12. Ne5 g6 13. f4 Ne8 14. Ndf3 Ng7 15.
Nxd7 Qxd7 16. Ne5 Qd8 17. Rad1 a5 18. a3 Bd6 19. Qd2 Nf5 20. Bxf5 exf5 21. Rc1
f6 22. Nd3 Re8 23. c5 Bf8 24. b4 Ba6 25. Rfe1 Rxe1+ 26. Rxe1 Bxd3 27. Qxd3 axb4
28. axb4 Kf7 29. Qc3 Qd7 30. Ra1 Qb5 31. Ra7+ Kg8 32. Qh3 Bg7 33. Qe3 Re8 34.
Re7 Kf8 35. Rxe8+ Qxe8 36. Qxe8+ Kxe8 37. b5 Kd8 38. Ba3 Bf8 39. Kf2 g5 40. Ke3
h5 41. h4 g4 42. Bb4 Kc8 43. Kd3 Bh6 44. g3 Bf8 45. Kc2 Be7 46. Kc3 Bf8 47.
cxb6 Bxb4+ 48. Kxb4 1-0

[Event "Int. Stuttgarter Stadtmeisterschaft B"]
[Site "Ditzingen"]
[Date "2016.05.07"]
[Round "5.27"]
[White "Yi, Wendy"]
[Black "Auterhoff, Jürgen"]
[Result "1/2-1/2"]
[WhiteElo "1559"]
[BlackElo "1772"]
[PlyCount "42"]
[EventDate "2016.??.??"]
[WhiteTeam "SF Kornwestheim"]
[BlackTeam "SC Pasing"]

1. e4 c6 2. d4 d5 3. exd5 cxd5 4. Bd3 Nf6 5. Bf4 Nc6 6. c3 e6 7. Nf3 Bd6 8. Bg3
O-O 9. O-O Qc7 10. Bxd6 Qxd6 11. Nbd2 b6 12. Re1 Bb7 13. Ne5 Rac8 14. Qf3 h6
15. Qh3 Nd7 16. Ng4 Qf4 17. Rad1 Nf6 18. Ne5 Nxe5 19. dxe5 Ne4 20. Bxe4 dxe4
21. Qg3 Qf5 1/2-1/2

[Event "Int. Stuttgarter Stadtmeisterschaft B"]
[Site "Ditzingen"]
[Date "2016.05.07"]
[Round "5.28"]
[White "Wohlt, Harald"]
[Black "Kast, Larissa"]
[Result "1-0"]
[WhiteElo "1735"]
[BlackElo "1567"]
[PlyCount "85"]
[EventDate "2016.??.??"]
[WhiteTeam "Stuttgarter SF"]
[BlackTeam "SK Ettlingen"]

1. Nf3 d5 2. g3 c5 3. Bg2 Nf6 4. O-O Nc6 5. d4 b6 6. c4 e6 7. Nc3 Bb7 8. Qa4
Qd7 9. cxd5 Nxd5 10. Rd1 Rd8 11. Nxd5 exd5 12. Bg5 f6 13. Bf4 Nxd4 14. Qxd7+
Rxd7 15. Nxd4 cxd4 16. Bh3 Re7 17. Rac1 g5 18. Bb8 Bh6 19. Bf5 a6 20. Rc7 b5
21. Rdc1 d3 22. exd3 g4 23. Rxe7+ Kxe7 24. Rc7+ Kd6 25. Rxb7+ Kc6 26. Rc7+ Kb6
27. Rc8 Rxc8 28. Bxc8 Bc1 29. b3 Bd2 30. Bxg4 Kb7 31. Bf4 Bxf4 32. gxf4 Kc6 33.
d4 Kb6 34. Kf1 Kc6 35. Ke1 b4 36. Bf5 h6 37. Ke2 Kd6 38. Kf3 Ke7 39. Kg4 Kf7
40. Kh5 Ke7 41. Kxh6 Kf7 42. Kh7 a5 43. h4 1-0

[Event "Int. Stuttgarter Stadtmeisterschaft B"]
[Site "Ditzingen"]
[Date "2016.05.07"]
[Round "5.29"]
[White "Kobald, Jacqueline"]
[Black "Braun, Tobias"]
[Result "0-1"]
[WhiteElo "1559"]
[BlackElo "1732"]
[PlyCount "112"]
[EventDate "2016.??.??"]
[WhiteTeam "SV Stuttgart-Wolfbusch"]
[BlackTeam "SSV Zuffenhausen"]

1. e4 c6 2. d4 d5 3. Nc3 dxe4 4. Nxe4 Nd7 5. Nf3 Ngf6 6. Ng3 g6 7. Be2 Bg7 8.
O-O O-O 9. c3 Nb6 10. Re1 Be6 11. Bf1 Qc7 12. b3 a5 13. a4 c5 14. dxc5 Qxc5 15.
Be3 Qc7 16. c4 Rfd8 17. Qc1 Ng4 18. Rb1 Nxe3 19. Qxe3 Rac8 20. Rbd1 Rxd1 21.
Rxd1 Rd8 22. Rxd8+ Qxd8 23. Be2 Nc8 24. h4 Qb6 25. Qd3 Nd6 26. h5 Nf5 27. Ne4
Nd4 28. Bd1 Nxf3+ 29. Qxf3 Qc6 30. Qe3 Qd7 31. Bf3 Qd4 32. Qe2 b6 33. hxg6 hxg6
34. g3 Qa1+ 35. Kg2 Qb2 36. Qd1 Bd4 37. Qd2 Qxd2 38. Nxd2 Kg7 39. Be4 f5 40.
Bc6 Kf6 41. Nf3 Bc5 42. Kf1 Bc8 43. Ke2 e5 44. Nd2 g5 45. f3 Ke6 46. Bd5+ Kd6
47. Kf1 Be6 48. Ba8 Bb4 49. Ke2 Kc5 50. Nb1 Kd4 51. Bb7 e4 52. Nd2 Bxd2 53.
Kxd2 e3+ 54. Ke2 f4 55. gxf4 gxf4 56. Be4 Kc3 0-1

[Event "Int. Stuttgarter Stadtmeisterschaft B"]
[Site "Ditzingen"]
[Date "2016.05.07"]
[Round "5.30"]
[White "Lechler, Walter"]
[Black "Weißenberger, Mario"]
[Result "1/2-1/2"]
[WhiteElo "1557"]
[BlackElo "1725"]
[PlyCount "81"]
[EventDate "2016.??.??"]
[WhiteTeam "SK Dinkelsbühl"]
[BlackTeam "Ssg Fils-Lauter"]

1. e4 e6 2. d4 d5 3. Nd2 Be7 4. Ngf3 Nf6 5. e5 Nfd7 6. Bd3 c5 7. c3 Nc6 8. Bb5
Qb6 9. Bxc6 bxc6 10. O-O O-O 11. Re1 cxd4 12. cxd4 c5 13. Nb3 a5 14. Be3 c4 15.
Nc5 Nxc5 16. dxc5 Bxc5 17. Bd4 Bd7 18. Rb1 a4 19. a3 Rab8 20. h3 Rb7 21. Qd2
Rfb8 22. Bc3 Qd8 23. Rbc1 Rb3 24. Rc2 Qe7 25. Nd4 R3b7 26. Qf4 Rf8 27. Ree2 Qd8
28. Kh1 Bc8 29. f3 f6 30. Qd2 fxe5 31. Rxe5 Bxd4 32. Qxd4 Qf6 33. Rd2 Qg6 34.
Qg4 Qxg4 35. hxg4 Bd7 36. Rd4 Kf7 37. Rf4+ Ke8 38. Rxf8+ Kxf8 39. Kh2 Rb6 40.
Kg3 Be8 41. Rg5 1/2-1/2

[Event "Int. Stuttgarter Stadtmeisterschaft B"]
[Site "Ditzingen"]
[Date "2016.05.07"]
[Round "5.31"]
[White "Matic, Marijo"]
[Black "Wachtel, Arthur"]
[Result "0-1"]
[WhiteElo "1567"]
[BlackElo "1706"]
[PlyCount "72"]
[EventDate "2016.??.??"]
[WhiteTeam "SC Ostfildern"]
[BlackTeam "SK Freising"]

1. d4 e6 2. e3 b6 3. Nf3 Bb7 4. Bd3 Nf6 5. Nbd2 Be7 6. c3 O-O 7. e4 d6 8. O-O
h6 9. e5 dxe5 10. Nxe5 Nbd7 11. Ndf3 Nxe5 12. Nxe5 c5 13. Be3 cxd4 14. Bxd4 Qd5
15. f3 Bc5 16. Bc4 Qxe5 17. Kh1 Bxd4 18. cxd4 Qd6 19. Qe2 Rac8 20. a3 Qxd4 21.
Bb3 Nd5 22. Rfe1 Nf4 23. Qe5 Qxe5 24. Rxe5 Nd5 25. h3 Rc5 26. Rd1 Rfc8 27. Rd2
Nf6 28. Re3 Bd5 29. Bd1 Ne8 30. Kh2 Nd6 31. b3 Nf5 32. Red3 Rc3 33. Rxd5 exd5
34. Rxd5 Ne3 35. Rd7 Nxd1 36. Rxd1 Rxb3 0-1

[Event "Int. Stuttgarter Stadtmeisterschaft B"]
[Site "Ditzingen"]
[Date "2016.05.07"]
[Round "5.33"]
[White "Knolmayer, Volker"]
[Black "Zou, Kuangda Konrad"]
[Result "1-0"]
[WhiteElo "1701"]
[BlackElo "1432"]
[PlyCount "95"]
[EventDate "2016.??.??"]
[WhiteTeam "SG Bettringen"]
[BlackTeam "SGem Vaihingen-Rohr"]

1. e4 c5 2. Nf3 d6 3. b3 Nf6 4. d3 Nbd7 5. Bb2 g6 6. Be2 Bg7 7. O-O O-O 8. c3
b6 9. Qc2 Bb7 10. Nbd2 Rc8 11. c4 a6 12. Rad1 b5 13. Rfe1 bxc4 14. Nxc4 Re8 15.
e5 dxe5 16. Nfxe5 Nxe5 17. Nxe5 Qc7 18. Bf3 Bxf3 19. Nxf3 e6 20. Qc4 Qa5 21.
Bc3 Qb5 22. Qh4 Nd5 23. Bxg7 Kxg7 24. Qe4 Nf6 25. Qc4 Qxc4 26. dxc4 a5 27. Rd6
a4 28. Ne5 axb3 29. axb3 Red8 30. Red1 Rxd6 31. Rxd6 Rb8 32. Rd3 Kf8 33. f3 Rb6
34. Rd7 Kg8 35. Rxf7 Ne8 36. Re7 Nf6 37. Rc7 Rxb3 38. Rxc5 Rb1+ 39. Kf2 Rb2+
40. Kg3 Nh5+ 41. Kh3 Nf4+ 42. Kg4 Nxg2 43. Kg5 Ne3 44. Rc8+ Kg7 45. Rc7+ Kg8
46. Kf6 Rb8 47. Rg7+ Kh8 48. Nf7# 1-0

[Event "Int. Stuttgarter Stadtmeisterschaft B"]
[Site "Ditzingen"]
[Date "2016.05.07"]
[Round "5.34"]
[White "Helmich, Jörg"]
[Black "Butenandt, Svenja"]
[Result "1-0"]
[WhiteElo "1700"]
[BlackElo "1451"]
[PlyCount "47"]
[EventDate "2016.??.??"]
[WhiteTeam "Regensburger Turnerschaft"]
[BlackTeam "TV Tegernsee"]

1. e4 d5 2. exd5 Qxd5 3. Nc3 Qd8 4. d4 Nf6 5. Nf3 Bg4 6. Be3 e6 7. h3 Bh5 8. g4
Bg6 9. Ne5 Be4 10. Nxe4 Nxe4 11. c3 Nd6 12. Bg2 c6 13. Qb3 Be7 14. O-O-O O-O
15. f4 Nd7 16. Nxd7 Qxd7 17. h4 a5 18. Bf1 a4 19. Qc2 b5 20. Bd3 h6 21. g5 hxg5
22. hxg5 Nf5 23. Bxf5 exf5 24. Qh2 1-0

[Event "Int. Stuttgarter Stadtmeisterschaft B"]
[Site "Ditzingen"]
[Date "2016.05.07"]
[Round "5.35"]
[White "Old, Stefan"]
[Black "Gläser, Hartmut"]
[Result "1-0"]
[WhiteElo "1605"]
[BlackElo "1741"]
[PlyCount "120"]
[EventDate "2016.??.??"]
[WhiteTeam "SF Illingen"]
[BlackTeam "PTSV Halle"]

1. d4 f5 2. c4 Nf6 3. Nc3 e6 4. Nf3 c5 5. d5 d6 6. e3 e5 7. b3 Be7 8. Bb2 O-O
9. Be2 a6 10. Nd2 Bd7 11. e4 f4 12. Nf3 Qe8 13. a4 Qg6 14. Nh4 Qg5 15. g3 Bg4
16. Bxg4 Qxg4 17. Nf5 Qxd1+ 18. Rxd1 Re8 19. gxf4 exf4 20. f3 g6 21. Rg1 Kf7
22. Nxe7 Rxe7 23. Ne2 Nh5 24. Rg4 Nd7 25. Nxf4 Nhf6 26. Rg5 Nxe4 27. fxe4 Rxe4+
28. Ne2 Rae8 29. Rd2 Rh4 30. Rg2 Re3 31. Rg3 Rhe4 32. Kf2 Rxg3 33. hxg3 h5 34.
Kf3 Re8 35. Rd3 Rb8 36. a5 b5 37. axb6 Rxb6 38. Nc1 a5 39. Ke2 a4 40. Kd2 axb3
41. Rxb3 Ra6 42. Kd3 Ra7 43. Ne2 g5 44. Ng1 Kg6 45. Nf3 Kf5 46. Bc1 Ne5+ 47.
Nxe5 dxe5 48. Be3 e4+ 49. Ke2 Ra2+ 50. Kf1 Rc2 51. d6 Ke6 52. Bxc5 Rxc4 53. Bb4
Rd4 54. Kf2 h4 55. g4 Kd7 56. Ba3 Rd3 57. Rxd3 exd3 58. Bb4 Ke6 59. Kf3 Kd7 60.
Bd2 Kxd6 1-0

[Event "Int. Stuttgarter Stadtmeisterschaft B"]
[Site "Ditzingen"]
[Date "2016.05.07"]
[Round "5.36"]
[White "Forster, Lukas"]
[Black "Kobald, Matthias"]
[Result "0-1"]
[WhiteElo "1600"]
[BlackElo "1699"]
[PlyCount "78"]
[EventDate "2016.??.??"]
[WhiteTeam "Stuttgarter SF"]
[BlackTeam "SV Stuttgart-Wolfbusch"]

1. e4 c5 2. Nf3 g6 3. c4 Nc6 4. d4 cxd4 5. Nxd4 Bg7 6. Be3 d6 7. Nc3 Nf6 8. Be2
O-O 9. O-O Bd7 10. Rc1 Qc8 11. f3 Nh5 12. Nd5 Qd8 13. Qd2 Nxd4 14. Bxd4 Bxd4+
15. Qxd4 Bc6 16. g3 Bxd5 17. cxd5 Qd7 18. Kg2 a6 19. Rc3 Rac8 20. Rfc1 Rxc3 21.
Qxc3 f5 22. Qc7 Rd8 23. b4 fxe4 24. fxe4 Nf6 25. Bd3 Kf7 26. a4 b5 27. axb5
axb5 28. Rc2 Ng4 29. Qb6 Rc8 30. Rc6 Ne5 31. Rxc8 Qxc8 32. Qxb5 Qc3 33. Be2 Qe3
34. h4 Qxe4+ 35. Kg1 Qb1+ 36. Kf2 Qh1 37. Ke3 Qg1+ 38. Kd2 Qxg3 39. Qb6 Qxh4
0-1

[Event "Int. Stuttgarter Stadtmeisterschaft B"]
[Site "Ditzingen"]
[Date "2016.05.07"]
[Round "5.37"]
[White "Weisensel, Wolfgang"]
[Black "Uhlarz, Jörg"]
[Result "0-1"]
[WhiteElo "1685"]
[BlackElo "1592"]
[PlyCount "84"]
[EventDate "2016.??.??"]
[WhiteTeam "Stuttgarter SF"]
[BlackTeam "SC Mühlacker"]

1. Nf3 f5 2. d4 d5 3. e3 Nf6 4. c4 e6 5. a3 Be7 6. Nc3 c6 7. Be2 O-O 8. O-O a5
9. Qc2 Bd7 10. Bd2 Be8 11. Ne5 g5 12. h3 Kg7 13. Qd1 Nbd7 14. Nxd7 Nxd7 15.
cxd5 exd5 16. Bh5 Bg6 17. Rc1 Nf6 18. Bxg6 hxg6 19. f3 Nh5 20. Ne2 Bd6 21. Qe1
Re8 22. Qf2 Qb8 23. g4 fxg4 24. hxg4 Ng3 25. Nxg3 Bxg3 26. Qg2 Rh8 27. f4 gxf4
28. exf4 Rh2 29. Qxg3 Rxd2 30. Qc3 Re2 31. Rf3 Qc7 32. Rcf1 Rh8 33. R1f2 Re4
34. Qd2 Qe7 35. Kg2 Qh4 36. Rg3 Qh2+ 37. Kf3 Qh1+ 38. Rfg2 Rf8 39. f5 Rfe8 40.
Qg5 Qd1+ 41. Kf2 Re2+ 42. Kf3 Qd3+ 0-1

[Event "Int. Stuttgarter Stadtmeisterschaft B"]
[Site "Ditzingen"]
[Date "2016.05.07"]
[Round "5.39"]
[White "Kappus, Holger"]
[Black "Sinner, Viktor"]
[Result "1-0"]
[WhiteElo "1652"]
[BlackElo "1533"]
[PlyCount "69"]
[EventDate "2016.??.??"]
[WhiteTeam "SC Pforzheim"]
[BlackTeam "TSV/RSK Esslingen"]

1. b3 Nf6 2. Bb2 d5 3. Nf3 Bf5 4. e3 e6 5. Be2 Be7 6. O-O c5 7. c4 Nc6 8. d4
O-O 9. Nc3 cxd4 10. Nxd4 Nxd4 11. Qxd4 dxc4 12. bxc4 Qa5 13. e4 Rfd8 14. Qe3
Bg6 15. e5 Nd7 16. Nb5 Nc5 17. Bc3 Qa4 18. Bd4 b6 19. Rfc1 a6 20. Bd1 Qb4 21.
a3 Bg5 22. axb4 Bxe3 23. fxe3 Nd3 24. Nc7 Rac8 25. Bxb6 Nxc1 26. Rxc1 Be4 27.
Nxa6 Rd7 28. Bf3 Bxf3 29. gxf3 f6 30. exf6 gxf6 31. c5 Kf7 32. Kh1 Ra8 33. b5
Rb7 34. Rd1 Rxb6 35. Nc7 1-0

[Event "Int. Stuttgarter Stadtmeisterschaft B"]
[Site "Ditzingen"]
[Date "2016.05.07"]
[Round "5.40"]
[White "Ungerer, Tobias"]
[Black "Ziegler, Michael"]
[Result "0-1"]
[WhiteElo "1333"]
[BlackElo "1648"]
[PlyCount "60"]
[EventDate "2016.??.??"]
[WhiteTeam "Schach-Kids Bernhausen"]
[BlackTeam "SF Kornwestheim"]

1. e4 c5 2. Nf3 d6 3. d4 cxd4 4. Nxd4 Bd7 5. Nc3 g6 6. Be3 Bg7 7. Bd3 Nf6 8. f3
O-O 9. Qd2 Re8 10. O-O-O Nc6 11. Nb3 Rc8 12. g4 Be6 13. Nd4 Nxd4 14. Bxd4 Qa5
15. a3 Bc4 16. g5 Nd7 17. Bxc4 Rxc4 18. Bxg7 Kxg7 19. Qd5 Qc7 20. h4 Nb6 21.
Qa5 a6 22. h5 Rc5 23. h6+ Kg8 24. Qb4 Nc4 25. Nd5 Qc6 26. Qc3 Ne5 27. Qd2 Kf8
28. Rdf1 Rc8 29. Rh2 Qb5 30. Qd1 Nd3+ 0-1

[Event "Int. Stuttgarter Stadtmeisterschaft B"]
[Site "Ditzingen"]
[Date "2016.05.07"]
[Round "5.42"]
[White "Dendic, Amar"]
[Black "Stegmiller, Dennis"]
[Result "1-0"]
[WhiteElo "1604"]
[BlackElo "1454"]
[PlyCount "73"]
[EventDate "2016.??.??"]
[WhiteTeam "Stuttgarter SF"]
[BlackTeam "TSF Ditzingen"]

1. e4 d6 2. Bc4 g6 3. Nf3 Bg7 4. d3 Nf6 5. Nc3 O-O 6. h3 c5 7. Be3 a6 8. O-O b5
9. Bb3 Bb7 10. Nd2 Nfd7 11. f4 b4 12. Na4 Nb6 13. Nxb6 Qxb6 14. Nc4 Qc7 15. f5
Nd7 16. fxg6 hxg6 17. Qf3 Nf6 18. g4 d5 19. Bf4 dxe4 20. dxe4 Qc6 21. Rae1 Nd7
22. Na5 Qb6 23. Nxb7 Qxb7 24. Bd5 Bd4+ 25. Kg2 Qb6 26. Bxa8 Rxa8 27. e5 Rb8 28.
e6 Rd8 29. exd7 Rxd7 30. c3 bxc3 31. bxc3 Qb2+ 32. Re2 Qxc3 33. Qxc3 Bxc3 34.
Rc1 Bb4 35. Be3 Rc7 36. Rc4 e6 37. Rec2 1-0

[Event "Int. Stuttgarter Stadtmeisterschaft B"]
[Site "Ditzingen"]
[Date "2016.05.07"]
[Round "5.43"]
[White "Duran, Suat"]
[Black "Blum, Michael"]
[Result "1-0"]
[WhiteElo "1687"]
[BlackElo "1537"]
[PlyCount "51"]
[EventDate "2016.??.??"]
[WhiteTeam "SV Dicker Turm Esslingen"]
[BlackTeam "SC Aidlingen"]

1. d4 Nf6 2. Nf3 g6 3. Bf4 d5 4. c3 Nbd7 5. h3 Ne4 6. e3 Ndf6 7. Qb3 c6 8. Nbd2
Bg7 9. Bd3 Nd6 10. Qc2 Bf5 11. Bxf5 Nxf5 12. e4 dxe4 13. Nxe4 O-O 14. Nxf6+
Bxf6 15. O-O e6 16. Qb3 Qd7 17. Rad1 Rfe8 18. Rfe1 b6 19. Ne5 Qb7 20. Ng4 Be7
21. Rxe6 fxe6 22. Qxe6+ Kh8 23. Be5+ Ng7 24. Bxg7+ Kxg7 25. Qe5+ Bf6 26. Qxf6+
1-0